000 004880000a22001810004500
003 MACL
005 20151011160531.0
008 151011b xxu||||| |||| 00| 0 eng d
040 _aMACL
_cMACL
041 _aEnglish
082 _a920/KAK
100 _aKak, Jaishree
_914423
245 _aMystical Verses of Lalla
_bA Journey of Self Realization
260 _bMotilal Banarsidass Publishers
_c2007
_aNew Delhi
350 _a450
650 _aBiography
_914425
942 _cBK
_k920/KAK
_2ddc
999 _c42277
_d42277